A Grand Canyon Journey : (Record no. 5089)

MARC details
000 -LEADER
fixed length control field 00907nam a22002777a 4500
001 - CONTROL NUMBER
control field 5089
003 - CONTROL NUMBER IDENTIFIER
control field FISKH
005 - DATE AND TIME OF LATEST TRANSACTION
control field 20250826092232.0
008 - FIXED-LENGTH DATA ELEMENTS--GENERAL INFORMATION
fixed length control field 241105b cb ||||| |||| 00| 0 eng d
020 ## - INTERNATIONAL STANDARD BOOK NUMBER
International Standard Book Number 9780531158395
040 ## - CATALOGING SOURCE
Original cataloging agency FISKH
Language of cataloging eng
Transcribing agency FISKH
Modifying agency FISKH
050 ## - LIBRARY OF CONGRESS CALL NUMBER
Classification number F788.A535
082 ## - DEWEY DECIMAL CLASSIFICATION NUMBER
Classification number 917.91
100 ## - MAIN ENTRY--PERSONAL NAME
Personal name Anderson, Peter
245 ## - TITLE STATEMENT
Title A Grand Canyon Journey :
Remainder of title Tracing Time in Stone /
Statement of responsibility, etc. by Peter Anderson
260 ## - PUBLICATION, DISTRIBUTION, ETC.
Place of publication, distribution, etc. New York :
Name of publisher, distributor, etc. Franklin Watts ;
Date of publication, distribution, etc. 1997 .
300 ## - PHYSICAL DESCRIPTION
Extent 63 pages :
Other physical details color illustrations , maps ;
Dimensions 22 cm .
505 ## - FORMATTED CONTENTS NOTE
Formatted contents note Z <br/>
520 ## - SUMMARY, ETC.
Summary, etc. Describes the geology, evolution, and beauty of the Grand Canyon by leading the reader down the Bright Angel Trail.
521 8# - TARGET AUDIENCE NOTE
Target audience note 1110 <br/>
Source Lexile <br/>
521 8# - TARGET AUDIENCE NOTE
Target audience note Z <br/>
Source Raz-Plus <br/>
650 ## - SUBJECT ADDED ENTRY--TOPICAL TERM
Topical term or geographic name entry element Grand Canyon
Form subdivision Juvenile Literature
700 ## - ADDED ENTRY--PERSONAL NAME
Personal name Audubon, John James
Relator term Wildlife Artist
942 ## - ADDED ENTRY ELEMENTS (KOHA)
Source of classification or shelving scheme Dewey Decimal Classification
Koha item type Books
Suppress in OPAC No
Holdings
Withdrawn status Lost status Source of classification or shelving scheme Damaged status Not for loan Collection Home library Current library Shelving location Date acquired Total Checkouts Full call number Barcode Date last seen Price effective from Koha item type Copy number
    Dewey Decimal Classification     Non-Fiction Footprints International School Library Network Toul Tom Poung Campus Footprints International School Library Network Toul Tom Poung Campus TTP Secondary Non-Fiction Bookshelves 11/05/2024   AND 917.91 F788.A535 FIS04811 11/05/2024 11/05/2024 Books  
    Dewey Decimal Classification     Non-Fiction Footprints International School Library Network Toul Tom Poung Campus Footprints International School Library Network Toul Tom Poung Campus TTP Secondary Non-Fiction Bookshelves 08/26/2025   AND 917.91 F788.A535 FISSE01244 08/26/2025 08/26/2025 Books 2